Problemática de los amputados de la extremidad inferior / (Record no. 41161)

MARC details
000 -LEADER
campo de control de longitud fija 00902nam a2200241 i 4500
001 - NÚMERO DE CONTROL
campo de control 41161
003 - IDENTIFICADOR DE NÚMERO DE CONTROL
campo de control ES-MaACL
005 - FECHA Y HORA DE LA ÚLTIMA TRANSACCIÓN
campo de control 20250730084009.0
007 - CAMPO FIJO DE DESCRIPCIÓN FÍSICA--INFORMACIÓN GENERAL
campo de control de longitud fija t|
008 - DATOS DE LONGITUD FIJA--INFORMACIÓN GENERAL
campo de control de longitud fija 030310s1978 sp |||| | spa d
111 2# - ENTRADA PRINCIPAL--NOMBRE DE CONGRESO/REUNIÓN
Nombre de congreso/reunión o jurisdicción como elemento de entrada Simposio Internacional de Rehabilitación (
Número del congreso/reunión o número de parte o sección 2º.
Fecha del congreso o de la firma del tratado 1978.
Sede del congreso/Lugar de la reunión Madrid)
9 (RLIN) 1075
245 10 - MENCIÓN DEL TÍTULO
Título Problemática de los amputados de la extremidad inferior /
Mención de responsabilidad, etc. II Symposium Internacional de Rehabilitación ; bajo la dirección de A. Carabias Aguilar.
260 ## - PUBLICACIÓN, DISTRIBUCIÓN, ETC.
Lugar de publicación, distribución, etc. Madrid :
Nombre del editor, distribuidor, etc. MAPFRE,
Fecha de publicación, distribución, etc. [1978]
300 ## - DESCRIPCIÓN FÍSICA
Extensión XII, 486 p. :
Otras características físicas il. ;
Dimensiones 21 cm.
490 1# - MENCIÓN DE SERIE
Mención de serie Temas de medicina ;
Designación de volumen o secuencia 5
500 ## - NOTA GENERAL
Nota general Precede al tít.: Fundación Mapfre.
650 #4 - PUNTO DE ACCESO ADICIONAL DE MATERIA--TÉRMINO DE MATERIA
Término de materia o nombre geográfico como elemento de entrada Amputados-
Subdivisión general Rehabilitación.
9 (RLIN) 165132
700 1# - ENTRADA AGREGADA--NOMBRE PERSONAL
Nombre de persona Carabias Aguilar, Antonio.
9 (RLIN) 34929
710 2# - ENTRADA AGREGADA--NOMBRE DE ENTIDAD CORPORATIVA
Nombre de entidad corporativa o nombre de jurisdicción como elemento de entrada Fundación MAPFRE
9 (RLIN) 4362
830 0# - PUNTO DE ACCESO ADICIONAL DE SERIE-TÍTULO UNIFORME
Título uniforme Temas de medicina ;
Designación de volumen o secuencia 5
9 (RLIN) 187026
852 ## - LOCALIZACIÓN
Ubicación ES-MaACL
Número de control de estantería A-10186
Holdings
Estatus retirado Estado de pérdida Estado de daño No para préstamo Biblioteca de origen Biblioteca actual Ubicación en estantería Fecha de adquisición Fuente de adquisición Total de préstamos Signatura topográfica completa Código de barras Visto por última vez Precio de reemplazo Tipo de ítem Koha
        Biblioteca del Ateneo de Madrid Biblioteca del Ateneo de Madrid Depósito 1 17/01/2008     A-10186 1043335 23/02/2023 23/02/2023 Libro impreso